|
|
|
|
| LEADER |
00000nab a2200000 a 4500 |
| 001 |
vtls008934163 |
| 003 |
SK-MaSNL |
| 005 |
20260303070603.0 |
| 008 |
140617 1977 xo | 000 0 cze |
| 015 |
|
|
|a SNBRB1977
|
| 040 |
|
|
|a SNKBUCL
|b slo
|c SNKBUCL
|e AACR2
|
| 041 |
0 |
|
|a cze
|
| 044 |
|
|
|a xo
|c SK
|
| 080 |
|
|
|a 82:929:821.162.4
|2 2001
|
| 080 |
|
|
|a 929:821.162.4
|2 2001
|
| 080 |
|
|
|a 821.162.4
|2 2001
|
| 080 |
|
|
|a 929 Plávka, Andrej
|2 2001
|
| 100 |
1 |
|
|a Zábojníková, Marcela
|4 aut
|4 ivr
|9 889315
|
| 245 |
1 |
0 |
|a O posláni socialistické literatury
|b [rozhovor]
|c Marcela Zábojníková, Andrej Plávka
|
| 300 |
|
|
|b Obr.
|
| 600 |
1 |
7 |
|a Plávka, Andrej,
|d 1907-1982
|2 snkbucl
|9 184132
|
| 700 |
1 |
|
|a Plávka, Andrej,
|d 1907-1982
|4 aut
|9 184132
|
| 773 |
0 |
|
|t Tvorba
|g Č. 4 (1977), s. 15-16
|
| 958 |
|
|
|a LX
|
| 958 |
|
|
|a BX
|
| 999 |
|
|
|c 1756023
|d 1757953
|